La penúltima ventana / (Registro nro. 13271)
[ vista simple ]
| 000 -LIDER | |
|---|---|
| fixed length control field | 00742nam a22002297a 4500 |
| 003 - IDENTIFICACDOR DE NÚMERO DE CONTROL | |
| control field | DO-SdBNP |
| 005 - DATE AND TIME OF LATEST TRANSACTION | |
| control field | 20230223095327.0 |
| 008 - ELEMENTOS DE LONGITUD FIJA | |
| fixed length control field | 180205b 20uu dr c 00| 0 spa d |
| 020 ## - ISBN | |
| International Standard Book Number | 9789945421491 |
| 040 ## - FUENTE DE CATALOGACIÓN | |
| Agencia que crea de manera original el registro | BPMSU |
| Idioma de catalogación | spa |
| Agencia que realiza la transcripción | BPMSU |
| 082 #4 - NÚMERO DE CLASIFICACIÓN DECIMAL DE DEWEY | |
| Classification number | 861.44 |
| Item number | R896p |
| Edition number | 22 |
| 100 1# - ASIENTO PRINCIPAL -- NOMBRE PERSONAL | |
| Nombre personal | Rubio Cruz, Carlos Daniel |
| 245 13 - MENCIÓN DE TITULO | |
| Título | La penúltima ventana / |
| Mención de responsabilidad | Carlos Daniel Rubio Cruz ; prólogo Freddy Ginebra Giudicelli |
| 260 ## - PUBLICACIÓN, DISTRIBUCIÓN, ETC. (PIE DE IMPRENTA) | |
| Lugar de publicación, distribución, etc | [Santo Domingo]: |
| Nombre del editor, distribuidor, etc. | [s.d], |
| Fecha de publicación, distribución, etc | [200-?] |
| 300 ## - DESCRIPCIÓN FÍSICA | |
| Extensión | [114] p. : |
| Otros detalles físicos | il., retr. ; |
| Dimensiones | 24 cm. |
| 590 ## - NOTA LOCAL | |
| Enlace | Inventariado, 2023/VM |
| 650 #4 - ENCABEZAMIENTO DE MATERIA--TEMÁTICO | |
| Término temático o nombre geográfico como elemento de entrada | Poesía española |
| 650 #4 - ENCABEZAMIENTO DE MATERIA--TEMÁTICO | |
| Término temático o nombre geográfico como elemento de entrada | Literatura española |
| 700 1# - ASIENTO SECUNDARIO -- NOMBRE PERSONAL | |
| Nombre personal | Ginebra Giudicelli, Freddy |
| Mención de responsabilidad | pról. |
| 910 ## - VALIDACIÓN | |
| Validación | YLOCKWARD/ VMateo V. Control de calidad (BPMSU) |
| 942 ## - ADDED ENTRY ELEMENTS (KOHA) | |
| Source of classification or shelving scheme | Dewey Decimal Classification |
| Koha item type | Libros |
| Withdrawn status | Lost status | Source of classification or shelving scheme | Damaged status | Not for loan | Collection code | Home library | Current library | Date acquired | Source of acquisition | Full call number | Barcode | Date last seen | Price effective from | Koha item type | Copy number |
|---|---|---|---|---|---|---|---|---|---|---|---|---|---|---|---|
| Dewey Decimal Classification | Colección Dominicana | Biblioteca Pública Metropolitana Salomé Ureña | Biblioteca Pública Metropolitana Salomé Ureña | 02/05/2018 | Compra | BPMSU CD 861.44 R896p | BPMSU18020072 | 02/05/2018 | 02/05/2018 | Libros | |||||
| Dewey Decimal Classification | Colección Dominicana | Biblioteca Pública Metropolitana Salomé Ureña | Biblioteca Pública Metropolitana Salomé Ureña | 02/05/2018 | Compra | BPMSU CD 861.44 R896p | BPMSU18020073 | 02/05/2018 | 02/05/2018 | Libros | e.2 |